000 00729nam a2200181Ia 4500
008 090124s9999 xx 000 0 und d
082 _b129387
100 _aचिरमुले श.वा.(शरच्चंद्र वासुदेव)
245 _a एका जन्मातल्या गाठी
250 _a1
260 _c1985
300 _a184
600 _aचिरमुले श.वा.(शरच्चंद्र वासुदेव)
630 _a एका जन्मातल्या गाठी
700 _aचिरमुले श.वा.(शरच्चंद्र वासुदेव)
730 _a एका जन्मातल्या गाठी
942 _cBOOK
999 _c175476
_d175476